[Event "PRO League Stage"]
[Site "Chess.com INT"]
[Date "2018.02.03"]
[Round "4"]
[White "Vaibhav, Suri"]
[Black "Moussard, Jules"]
[Result "1-0"]
[WhiteElo "2542"]
[BlackElo "2571"]
[PlyCount "163"]
[EventDate "2018.01.18"]
[EventType "team-swiss (rapid)"]
[EventRounds "9"]
[EventCountry "USA"]
[SourceTitle "CBM 182 Extra"]
[Source "ChessBase"]
[SourceDate "2018.02.23"]
[SourceVersion "1"]
[SourceVersionDate "2018.02.23"]
[SourceQuality "1"]
[WhiteTeam "Delhi Dynamite"]
[BlackTeam "Marseille Migraines"]
[WhiteTeamCountry "IND"]
[BlackTeamCountry "FRA"]

1. Nf3 b6 2. g3 Bb7 3. Bg2 g6 4. O-O Bg7 5. d3 d5 6. e4 dxe4 7. Ng5 Nf6 8. Nc3 O-O 9. Ngxe4 Nxe4 10. Nxe4 Qc8 11. Re1 $146 ({RR} 11. c3 c5 12. Qc2 Nc6 13. Re1 Qc7 14. Bf4 e5 15. Bg5 f6 16. Bd2 Rac8 17. f4 h6 18. fxe5 Nxe5 19. a4 f5 20. Nf2 Bxg2 21. Kxg2 Qc6+ 22. Kh3 g5 {0-1 (22) Swiatlowski,L (2199)-Gurevich,D (2352) chess.com INT 2024}) ({RR} 11. c3 c5 12. Qc2 Nc6 13. Re1 Qc7 14. Bf4 e5 15. Bg5 f6 16. Bd2 Rac8 17. f4 h6 18. fxe5 Nxe5 19. a4 f5 20. Nf2 Bxg2 21. Kxg2 Qc6+ 22. Kh3 g5 {0-1 (22) Swiatlowski,L (2199)-Gurevich,D (2352) chess.com INT 2024}) 11... c5 12. Rb1 Nc6 13. a3 Rd8 14. Bd2 Qd7 15. Bc3 Nd4 16. Nd2 Bxg2 17. Kxg2 Qc6+ 18. Nf3 e6 19. Re4 Rd5 20. Kg1 Rad8 21. Bxd4 cxd4 22. Ne1 b5 23. Qf3 a5 24. Re2 Qc5 25. h4 a4 26. Kg2 b4 27. axb4 Qxb4 28. Ra1 h5 29. Ra2 Ra8 30. Qf4 Rc8 31. c4 Ra5 32. Nf3 Qb6 33. Qd2 Rca8 34. Qd1 Qc6 35. Re4 f5 36. Re1 e5 37. Kg1 Bf6 38. Nd2 R5a7 39. Qf3 Qxf3 40. Nxf3 Ra5 41. Kf1 Kf7 42. Nd2 Be7 43. Rea1 Bb4 44. Nf3 Kf6 45. Ne1 a3 46. bxa3 Bc3 47. Rb1 Rxa3 48. Rxa3 Rxa3 49. Rb6+ Ke7 50. Nf3 e4 51. dxe4 d3 52. exf5 Ra1+ 53. Kg2 gxf5 54. Rb5 d2 55. Nxd2 Bxd2 56. Rxf5 Rc1 57. Rxh5 Rxc4 58. Rf5 Ke6 59. Rf3 Bc3 60. Kh3 Bf6 61. g4 Rc1 62. g5 Be5 63. Kg4 Rg1+ 64. Kh5 Rg2 65. Kg6 Bd4 66. h5 Bxf2 67. Rf6+ Ke7 68. h6 Bd4 69. Rf4 Be5 70. Rf3 Ke6 71. Rf8 Bd4 72. Re8+ Kd7 73. Re4 Bc3 74. Re3 Bd2 75. Re5 Bf4 76. Rf5 Bc1 77. h7 Bb2 78. Rf6 Bxf6 79. Kxf6 Rh2 80. g6 Ke8 81. Kg7 Ke7 82. h8=Q 1-0

[Event "PRO League Stage"]
[Site "Chess.com INT"]
[Date "2018.02.03"]
[Round "4"]
[White "Nakamura, Hikaru"]
[Black "Iturrizaga Bonelli, Eduardo"]
[Result "1-0"]
[WhiteElo "2781"]
[BlackElo "2650"]
[PlyCount "53"]
[EventDate "2018.01.18"]
[EventType "team-swiss (rapid)"]
[EventRounds "9"]
[EventCountry "USA"]
[SourceTitle "CBM 182 Extra"]
[Source "ChessBase"]
[SourceDate "2018.02.23"]
[SourceVersion "1"]
[SourceVersionDate "2018.02.23"]
[SourceQuality "1"]
[WhiteTeam "Seattle Sluggers"]
[BlackTeam "Miami Champions"]
[WhiteTeamCountry "USA"]
[BlackTeamCountry "USA"]

1. Nf3 c5 2. e4 g6 3. g3 Bg7 4. Bg2 Nc6 5. O-O d6 6. d3 e5 7. c3 Nge7 8. a3 a5 9. a4 O-O 10. Na3 h6 11. Nh4 g5 12. Nf3 f5 13. exf5 Bxf5 14. Be3 $146 ({RR} 14. h4 gxh4 15. Nxh4 Be6 16. Be3 Nd5 17. Bd2 Rf7 18. Qh5 Nf6 19. Qe2 Qd7 20. Nc4 Re8 21. Ne3 d5 22. Rfe1 e4 23. Ng6 d4 24. cxd4 Nxd4 25. Qf1 Nh5 26. Bxe4 Bh3 27. Ng2 Nxg3 28. fxg3 Rxf1+ {Lehtinen,H (2201)-Verkasalo,T Helsinki 1999 0-1 (52)}) 14... Qd7 15. Re1 Bg4 16. Qb3+ Be6 17. Qc2 Nd5 18. Nd2 Nf4 19. Bxf4 gxf4 20. Nac4 Qc7 21. Qd1 d5 22. Na3 Qf7 23. Qe2 Rad8 24. Nb5 Kh8 25. Rad1 Bf5 26. gxf4 Bg4 27. Qxg4 1-0

[Event "PRO League Stage"]
[Site "Chess.com INT"]
[Date "2018.02.03"]
[Round "4"]
[White "Pantsulaia, Levan"]
[Black "Grigoriants, Sergey"]
[Result "1-0"]
[WhiteElo "2605"]
[BlackElo "2568"]
[PlyCount "73"]
[EventDate "2018.01.18"]
[EventType "team-swiss (rapid)"]
[EventRounds "9"]
[EventCountry "USA"]
[SourceTitle "CBM 182 Extra"]
[Source "ChessBase"]
[SourceDate "2018.02.23"]
[SourceVersion "1"]
[SourceVersionDate "2018.02.23"]
[SourceQuality "1"]
[WhiteTeam "Stockholm Snowballs"]
[BlackTeam "Volga Stormbringers"]
[WhiteTeamCountry "SWE"]
[BlackTeamCountry "RUS"]

1. Nf3 d5 2. g3 g6 3. c4 dxc4 4. Na3 Bg7 5. Nxc4 Nc6 6. d3 e5 7. Bd2 Nge7 8. Bg2 O-O 9. O-O a5 10. b3 Be6 11. Rc1 f6 12. Bc3 Qd7 13. Qd2 a4 14. b4 e4 $146 ({RR} 14... Nd5 15. b5 Na7 16. b6 Nxb6 17. Nxb6 cxb6 18. a3 Rfc8 19. Qe3 Nb5 20. Bb2 Bf8 21. d4 exd4 22. Nxd4 Rxc1 23. Rxc1 Nxd4 24. Bxd4 Bxa3 25. Qxa3 Qxd4 26. h4 b5 27. Qe7 Qd7 28. Qxf6 b4 29. h5 {Czebe,A (2374)-Rios,C (2505) Bhopal 2019 0-1 (33)}) 15. dxe4 Qxd2 16. Nfxd2 Rfd8 17. a3 Nd4 18. Rfe1 Rd7 19. Bxd4 Rxd4 20. e3 Rd7 21. e5 Bd5 22. Bh3 Rdd8 23. exf6 Bxf6 24. e4 Bxc4 25. Nxc4 Bd4 26. Rc2 Kg7 27. Na5 Bb6 28. Nxb7 Rd3 29. Ra1 Bd4 30. Raa2 c6 31. Rd2 Rxd2 32. Rxd2 Bc3 33. Rd7 Kf8 34. Nc5 Bb2 35. Rd3 Kg7 36. f4 g5 37. Ne6+ 1-0

[Event "PRO League Stage"]
[Site "Chess.com INT"]
[Date "2018.02.07"]
[Round "5"]
[White "Ter Sahakyan, Samvel"]
[Black "Demidov, Mikhail"]
[Result "1-0"]
[WhiteElo "2563"]
[BlackElo "2523"]
[PlyCount "199"]
[EventDate "2018.01.18"]
[EventType "team-swiss (rapid)"]
[EventRounds "9"]
[EventCountry "USA"]
[SourceTitle "CBM 182 Extra"]
[Source "ChessBase"]
[SourceDate "2018.02.23"]
[SourceVersion "1"]
[SourceVersionDate "2018.02.23"]
[SourceQuality "1"]
[WhiteTeam "Armenia Eagles"]
[BlackTeam "Volga Stormbringers"]
[WhiteTeamCountry "ARM"]
[BlackTeamCountry "RUS"]

1. Nf3 d5 2. g3 c6 3. Bg2 Bg4 4. h3 Bxf3 5. Bxf3 Nf6 6. O-O e5 7. d3 Be7 8. e4 dxe4 9. dxe4 Nbd7 10. Qe2 O-O 11. a4 Qc7 12. Nd2 Rfd8 $146 ({RR} 12... a5 13. Nc4 Nc5 14. Bd2 Rfe8 15. Rfd1 b6 16. Kg2 Bf8 17. Bg5 Nfd7 18. Bg4 h6 19. Be3 Nf6 20. Bf3 Rad8 21. Rxd8 Rxd8 22. c3 Ncd7 23. Rd1 b5 24. axb5 cxb5 25. Nd2 Bc5 26. Nf1 Qb6 27. Bxc5 {Kozak,A (2385)-Postny,E (2661) Tallinn 2019 ½-½ (77)}) ({RR} 12... Rfe8 13. Nc4 Nb6 14. Ne3 g6 15. a5 Nbd7 16. Nc4 b5 17. axb6 axb6 18. Bh6 Bf8 19. Bg5 Kg7 20. h4 Nc5 21. h5 h6 22. Be3 g5 23. b4 Na4 24. Bd2 Ng8 25. Ne3 b5 26. c4 bxc4 27. Qxc4 {Elgar,T (2152)-Manisse,P Daventry ENG 2025 1-0 (49)}) 13. Nc4 Nb6 14. Ne3 g6 15. Ng4 Nxg4 16. hxg4 Nd7 17. Bg2 Bc5 18. Bg5 Re8 19. c3 Be7 20. Be3 Bc5 21. Bd2 a5 22. Kh1 Rad8 23. Rad1 Nf8 24. f4 exf4 25. gxf4 Qe7 26. Be1 Rxd1 27. Qxd1 Rd8 28. Qf3 Qe6 29. e5 Qc4 30. b3 Qd3 31. b4 Bb6 32. f5 Qxf3 33. Bxf3 Re8 34. Bg3 axb4 35. cxb4 Bc7 36. b5 cxb5 37. axb5 Bxe5 38. Re1 Nd7 39. Bxb7 Rb8 40. Bxe5 Rxb7 41. Bd4 Rxb5 42. Re8+ Nf8 43. Be3 Kg7 44. f6+ Kxf6 45. Rxf8 h5 46. g5+ Ke6 47. Re8+ Kf5 48. Rf8 Rb7 49. Kg2 Kg4 50. Rd8 Rb2+ 51. Bd2 Rb6 52. Rd4+ Kf5 53. Rf4+ Ke5 54. Rxf7 Rb2 55. Rf2 Ke4 56. Ba5 Rb5 57. Bd8 Rd5 58. Bf6 Ke3 59. Kg3 Rb5 60. Rf3+ Ke4 61. Rf4+ Ke3 62. Rf3+ Ke4 63. Ra3 Rb4 64. Rc3 Rb5 65. Rc4+ Kf5 66. Rf4+ Ke6 67. Rf3 Ra5 68. Bd8 Ra8 69. Bb6 Ke5 70. Bc7+ Ke4 71. Rf4+ Ke3 72. Rf6 Rg8 73. Bf4+ Ke4 74. Re6+ Kd5 75. Re5+ Kd4 76. Kf3 Ra8 77. Re6 Rg8 78. Rd6+ Kc5 79. Ke4 Re8+ 80. Be5 Rg8 81. Rd7 Kc6 82. Rc7+ Kb5 83. Kd5 Rf8 84. Bf6 Re8 85. Rb7+ Ka6 86. Rg7 h4 87. Rxg6 Re1 88. Rh6 Rd1+ 89. Ke4 Re1+ 90. Kf5 Rf1+ 91. Kg4 Rg1+ 92. Kxh4 Kb5 93. Kh5 Kc4 94. Kg6 Kd5 95. Rh8 Ke6 96. Re8+ Kd7 97. Re3 Kd6 98. Kf7 Kd7 99. g6 Rg2 100. Re4 1-0

[Event "PRO League Stage"]
[Site "Chess.com INT"]
[Date "2018.02.07"]
[Round "5"]
[White "Banusz, Tamas"]
[Black "Quesada Perez, Yuniesky"]
[Result "1-0"]
[WhiteElo "2640"]
[BlackElo "2627"]
[PlyCount "93"]
[EventDate "2018.01.18"]
[EventType "team-swiss (rapid)"]
[EventRounds "9"]
[EventCountry "USA"]
[SourceTitle "CBM 182 Extra"]
[Source "ChessBase"]
[SourceDate "2018.02.23"]
[SourceVersion "1"]
[SourceVersionDate "2018.02.23"]
[SourceQuality "1"]
[WhiteTeam "Webster Windmills"]
[BlackTeam "Miami Champions"]
[WhiteTeamCountry "USA"]
[BlackTeamCountry "USA"]

1. Nf3 d5 2. g3 c6 3. Bg2 Bg4 4. O-O Nd7 5. h3 Bh5 6. d4 e6 7. c4 Ngf6 8. cxd5 exd5 9. Qb3 Qb6 10. Qe3+ Be7 11. Nh4 Bg6 12. Nxg6 hxg6 13. Nc3 Qd8 14. b4 a6 15. Rb1 O-O 16. Qd3 Re8 17. Na4 b5 18. Nc5 Nb6 19. Bf4 $146 ({RR} 19. Rd1 Bf8 20. Bg5 Qc8 21. Bxf6 gxf6 22. e4 dxe4 23. Nxe4 Nd5 24. Nc5 Ra7 25. Bxd5 cxd5 26. Kg2 Rae7 27. Qf3 Qc6 28. Rd2 f5 29. Rc1 Bh6 30. Nd3 Qd6 31. Nf4 Bxf4 32. Qxf4 Qxb4 33. Rc6 Re6 {Banusz,T (2616)-Chandra,A (2495) Chess.com INT 2017 0-1 (39)}) 19... Nc4 20. a4 Bxc5 21. dxc5 Ne4 22. Ra1 g5 23. Bc1 Qf6 24. Ra2 Nc3 25. Rc2 Nxa4 26. e4 Ne5 27. Qd1 dxe4 28. Bxe4 g4 29. hxg4 Rad8 30. Qe2 Rd4 31. Bg2 Re6 32. g5 Qf5 33. Be3 Rd3 34. Rd1 Rxd1+ 35. Qxd1 Re8 36. Bf4 Nd3 37. Re2 Rxe2 38. Qxe2 Nc3 39. Qe8+ Kh7 40. Be3 Ne5 41. f4 Ng4 42. Bd2 Qb1+ 43. Bf1 Ne4 44. Qd7 Qd1 45. Qd3 Ngf2 46. g6+ fxg6 47. Qd8 1-0

[Event "PRO League Stage"]
[Site "Chess.com INT"]
[Date "2018.02.14"]
[Round "6"]
[White "Van Wely, Loek"]
[Black "Borisek, Jure"]
[Result "1-0"]
[WhiteElo "2656"]
[BlackElo "2576"]
[PlyCount "21"]
[EventDate "2018.01.18"]
[EventType "team-swiss (rapid)"]
[EventRounds "9"]
[EventCountry "USA"]
[SourceTitle "CBM 182 Extra"]
[Source "ChessBase"]
[SourceDate "2018.02.23"]
[SourceVersion "1"]
[SourceVersionDate "2018.02.23"]
[SourceQuality "1"]
[WhiteTeam "Amsterdam Mosquitos"]
[BlackTeam "Ljubljana Turtles"]
[WhiteTeamCountry "NED"]
[BlackTeamCountry "SLO"]

1. Nf3 c5 2. g3 g6 3. Bg2 Bg7 4. O-O Nc6 5. e4 e5 6. a3 Nge7 7. d3 O-O 8. c3 a5 9. a4 d6 10. Na3 Bh6 $146 ({RR} 10... h6 11. Be3 f5 12. exf5 gxf5 13. Qd2 Rf6 14. Nh4 Nd4 15. Rae1 Ne6 16. f4 exf4 17. Bxf4 Nxf4 18. Qxf4 Ng6 19. Nxg6 Rxg6 20. Nc4 d5 21. Ne3 d4 22. Nd5 Rg4 23. Qc7 Bd7 24. Bf3 dxc3 25. bxc3 {Franke,R-Jacoby,G Germany 1975 1-0}) ({RR} 10... h6 11. Nh4 g5 12. Nf3 f5 13. exf5 Bxf5 14. Be3 Qd7 15. Re1 Bg4 16. Qb3+ Be6 17. Qc2 Nd5 18. Nd2 Nf4 19. Bxf4 gxf4 20. Nac4 Qc7 21. Qd1 d5 22. Na3 Qf7 23. Qe2 Rad8 24. Nb5 Kh8 25. Rad1 {Nakamura,H (2781)-Iturrizaga Bonelli,E (2650) Chess.com INT 2018 1-0}) ({RR} 10... d5 11. Nb5 d4 12. cxd4 cxd4 13. b3 h6 14. Ba3 Be6 15. Rc1 Rc8 16. Nd6 Rb8 17. Nd2 Nb4 18. N2c4 Nec6 19. f4 Bxc4 20. Nxc4 b5 21. Bxb4 axb4 22. axb5 Rxb5 23. Ra1 exf4 24. gxf4 Na5 25. e5 {Aranda,J (2102)-Morales Garcia,S (2249) chess.com INT 2024 0-1 (47)}) ({RR} 10... Rb8 11. Nd2 Be6 12. Ndc4 d5 13. exd5 Bxd5 14. Bh3 f5 15. f4 e4 16. Be3 b6 17. dxe4 Bxe4 18. Qb3 Nd5 19. Rad1 Qe7 20. Bf2 Rfd8 21. Rfe1 Qf7 22. Nb5 Bf8 23. Ne5 Nxe5 24. fxe5 Bf3 25. e6 {Bilek,I-Holm Pedersen,S Budapest 1975 1-0 (43)}) 11. Bxh6 1-0

[Event "PRO League Stage"]
[Site "Chess.com INT"]
[Date "2018.02.24"]
[Round "7"]
[White "Grigoryan, Karen H"]
[Black "Margvelashvili, Giorgi"]
[Result "1-0"]
[WhiteElo "2581"]
[BlackElo "2530"]
[PlyCount "91"]
[EventDate "2018.01.18"]
[EventType "team-swiss (rapid)"]
[EventRounds "9"]
[EventCountry "USA"]
[SourceTitle "EXT 2019"]
[Source "ChessBase"]
[SourceDate "2018.10.10"]
[SourceVersion "1"]
[SourceVersionDate "2018.10.10"]
[SourceQuality "1"]
[WhiteTeam "Armenia Eagles"]
[BlackTeam "Seattle Sluggers"]
[WhiteTeamCountry "ARM"]
[BlackTeamCountry "USA"]

1. Nf3 Nf6 2. g3 b6 3. Bg2 Bb7 4. O-O c5 5. d3 g6 6. e4 d6 7. Re1 Bg7 8. c3 O-O 9. Nbd2 Nc6 10. d4 cxd4 11. cxd4 Rc8 12. a3 e5 $146 ({RR} 12... Nd7 13. Nb3 a6 14. Be3 b5 15. Rc1 e6 16. Qd3 Nf6 17. h3 Ne7 18. Nfd2 Rxc1 19. Rxc1 Qb8 20. Na5 Ba8 21. Rc3 Rc8 22. Qc2 Rxc3 23. Qxc3 h6 24. b3 Nd7 25. f3 Qb6 26. b4 Nb8 27. Ndb3 {Saric,I (2565)-Zufic,M (2459) Bol 2015 ½-½ (44)}) ({RR} 12... Na5 13. Bf1 d5 14. e5 Ne4 15. Nxe4 dxe4 16. Ng5 e3 17. f3 Qd5 18. Bxe3 h6 19. Ne4 Nb3 20. Rb1 Rfd8 21. Bg2 Nxd4 22. f4 Kh8 23. Bxd4 Qxd4+ 24. Qxd4 Rxd4 25. Rbd1 Rxd1 26. Rxd1 Rc7 27. Nc3 {Garcia Garcia,A (2255)-Quesada Perez,L (2398) Mayabeque 2016 ½-½ (60)}) 13. d5 Ne7 14. Nb1 Nd7 15. Nc3 a6 16. h4 h6 17. h5 g5 18. g4 b5 19. Be3 Rc7 20. Nd2 Qb8 21. Nb3 Rfc8 22. Na5 Ba8 23. Na2 Nc5 24. Nb4 Qb6 25. Nb3 a5 26. Nd3 a4 27. Nd2 Qa6 28. Nxc5 dxc5 29. Nb1 Rd8 30. Nc3 Nc8 31. b3 axb3 32. Qxb3 Nd6 33. a4 b4 34. Bf1 Qc8 35. Nb5 Qxg4+ 36. Bg2 Rcc8 37. Nxd6 Rxd6 38. Rac1 f5 39. Bxc5 Rf6 40. d6+ Kh8 41. d7 Rg8 42. Qxg8+ Kxg8 43. d8=Q+ Kh7 44. Qxa8 f4 45. f3 Qxh5 46. Qc8 1-0

[Event "PRO League Stage"]
[Site "Chess.com INT"]
[Date "2018.02.24"]
[Round "7"]
[White "Carlsen, Magnus"]
[Black "Azarov, Sergei Nikolaevich"]
[Result "1-0"]
[WhiteElo "2834"]
[BlackElo "2567"]
[PlyCount "73"]
[EventDate "2018.01.18"]
[EventType "team-swiss (rapid)"]
[EventRounds "9"]
[EventCountry "USA"]
[SourceTitle "EXT 2019"]
[Source "ChessBase"]
[SourceDate "2018.10.10"]
[SourceVersion "1"]
[SourceVersionDate "2018.10.10"]
[SourceQuality "1"]
[WhiteTeam "Norway Gnomes"]
[BlackTeam "Las Vegas Desert Rats"]
[WhiteTeamCountry "NOR"]
[BlackTeamCountry "USA"]

1. Nf3 Nf6 2. d3 c5 3. g3 b6 4. Bg2 Bb7 5. O-O g6 6. e4 d6 7. Ng5 ({RR} 7. a4 Bg7 8. a5 O-O 9. Nbd2 b5 10. Re1 a6 11. d4 cxd4 12. Nxd4 Qc7 13. N2b3 Nbd7 14. c3 Nc5 15. Nxc5 dxc5 16. Nc2 Nd7 17. Bf4 Ne5 18. Ne3 e6 19. Ng4 Rad8 20. Qe2 h5 21. Nxe5 Bxe5 {Sjugirov,S (2650)-Tarlev,K (2540) Chess.com INT 2017 0-1 (76)}) ({RR} 7. a4 Bg7 8. Nbd2 O-O 9. Nc4 Nc6 10. Re1 Nd7 11. Bg5 h6 12. Bd2 a6 13. Qc1 Kh7 14. Bc3 Nd4 15. Nxd4 cxd4 16. Bd2 Qc7 17. Qd1 Ne5 18. b3 Rac8 19. f4 Nd7 20. Bh3 e6 21. Bb4 Nc5 {Stefan,C (2335)-Azarov,S (2584) Chess.com INT 2017 0-1 (61)}) 7... Nc6 ({RR} 7... h6 8. Nh3 Nc6 9. f4 Bg7 10. Na3 O-O 11. c3 a6 12. Nc4 b5 13. Ne3 e6 14. g4 Nh7 15. g5 Ne7 16. Qe1 d5 17. gxh6 Bh8 18. e5 Qb6 19. Ng4 Nf5 20. Be3 d4 21. cxd4 Bxg2 22. Kxg2 {Savchenko,B (2550)-Pantsulaia,L (2609) Bikaner 2022 ½-½}) 8. f4 Qc7 $146 ({RR} 8... Bg7 9. Nc3 O-O 10. Be3 Qd7 11. Bh3 e6 12. f5 Rae8 13. fxe6 fxe6 14. Ne2 h6 15. Nxe6 Rxe6 16. Nf4 Nd8 17. Nxg6 Rf7 18. Nf4 Qe7 19. Nxe6 Nxe6 20. Qd2 h5 21. Bf5 Ng4 22. c3 Nxe3 23. Qxe3 {Shulman,V-Kengis,E (2400) Riga 1982 0-1 (39)}) 9. Nc3 Bg7 10. Be3 h6 11. Nh3 a6 12. Nf2 h5 13. h3 e6 14. Ne2 b5 15. c3 O-O 16. d4 cxd4 17. cxd4 d5 18. e5 Ne4 19. Nxe4 dxe4 20. Rc1 Qd7 21. Nc3 Nb4 22. Nxe4 Bxe4 23. Bxe4 Nd5 24. Qb3 Nxe3 25. Qxe3 Rac8 26. Rcd1 Rfd8 27. g4 hxg4 28. hxg4 Qa7 29. Rd2 g5 30. f5 Rc4 31. f6 Bh6 32. Rfd1 b4 33. Bb1 Kf8 34. Qh3 Rdxd4 35. Qxh6+ Ke8 36. Kh2 Qc5 37. Qxg5 1-0

[Event "PRO League Stage"]
[Site "Chess.com INT"]
[Date "2018.02.24"]
[Round "7"]
[White "Pantsulaia, Levan"]
[Black "Quesada Perez, Yuniesky"]
[Result "1-0"]
[WhiteElo "2605"]
[BlackElo "2627"]
[PlyCount "97"]
[EventDate "2018.01.18"]
[EventType "team-swiss (rapid)"]
[EventRounds "9"]
[EventCountry "USA"]
[SourceTitle "EXT 2019"]
[Source "ChessBase"]
[SourceDate "2018.10.10"]
[SourceVersion "1"]
[SourceVersionDate "2018.10.10"]
[SourceQuality "1"]
[WhiteTeam "Stockholm Snowballs"]
[BlackTeam "Miami Champions"]
[WhiteTeamCountry "SWE"]
[BlackTeamCountry "USA"]

1. Nf3 d5 2. g3 c6 3. Bg2 Bg4 4. d3 Nd7 5. Nbd2 e6 6. O-O Bd6 7. b3 Ne7 8. Bb2 O-O 9. e4 a5 10. a4 ({RR} 10. a3 Re8 11. d4 c5 12. exd5 exd5 13. Re1 Rc8 14. c4 cxd4 15. Bxd4 Bc5 16. Qb1 Qb6 17. Bxc5 Nxc5 18. b4 Ne6 19. c5 Qc7 20. Ne5 Bf5 21. Qb2 b6 22. cxb6 Qxb6 23. Rac1 Nd4 24. Ndf3 Nxf3+ {Sanal,V (2585)-Zhigalko,S (2572) Chess.com INT 2021 1-0 (42)}) ({RR} 10. a3 Qc7 11. h3 Bh5 12. Qe1 e5 13. g4 Bg6 14. Nh4 d4 15. Nf5 Rfe8 16. Nf3 Nf8 17. h4 f6 18. h5 Bf7 19. g5 Bxh5 20. gxf6 Nxf5 21. exf5 gxf6 22. Nd2 Qg7 23. Qe4 Kh8 24. f3 Nd7 {Swiatlowski,L (2199)-Gostev,S (2258) chess.com INT 2025 0-1 (36)}) 10... Be5 $146 ({RR} 10... Re8 11. Qe2 Bh5 12. Rfe1 Qb6 13. Nf1 Rad8 14. h4 f6 15. Bh3 e5 16. Be6+ Kh8 17. N1h2 Nc5 18. Bh3 Nc8 19. g4 Bf7 20. g5 dxe4 21. dxe4 Ne6 22. Bc1 Bb4 23. Rf1 Nd6 24. Kh1 Bg6 25. gxf6 {Todorovic,B (2222)-Zhigalko,S (2572) Chess.com INT 2021 0-1 (33)}) ({RR} 10... c5 11. h3 Bh5 12. Qe1 Nc6 13. Nh4 Nb4 14. Rc1 Be7 15. f4 Nb6 16. exd5 N6xd5 17. Nhf3 Bxf3 18. Nxf3 Nc6 19. Ne5 Nxe5 20. Bxe5 Bf6 21. Qe4 Bxe5 22. Qxe5 Qf6 23. Rfe1 Rad8 24. f5 Rfe8 25. fxe6 {Fedorowicz,J-Shamkovich,L (2485) Fairfax 1976 ½-½}) 11. d4 Bd6 12. Re1 b5 13. Qc1 bxa4 14. Rxa4 Nb6 15. Ra1 Bxf3 16. Nxf3 a4 17. Ne5 Qc7 18. Nd3 Ng6 19. c4 a3 20. Bxa3 dxc4 21. bxc4 Bxa3 22. Rxa3 Rxa3 23. Qxa3 Nxc4 24. Qc5 Na5 25. d5 e5 26. Nb4 Nb3 27. Qc4 Nd4 28. dxc6 Rb8 29. Na6 Qa5 30. Rc1 Rc8 31. c7 Qa3 32. Rb1 Ne7 33. h4 g6 34. Rb8 Kg7 35. Rxc8 Nxc8 36. Kh2 Nd6 37. c8=Q Nxc4 38. Qxc4 Qb2 39. Qf1 Qa3 40. Nc7 h5 41. Nd5 Qb2 42. f4 exf4 43. Qxf4 Ne6 44. Qe3 Qa2 45. Nf4 Nf8 46. Qd4+ Kg8 47. Nd5 Ne6 48. Qf6 Qa7 49. Ne7+ 1-0

[Event "PRO League Stage"]
[Site "Chess.com INT"]
[Date "2018.02.24"]
[Round "7"]
[White "Olafsson, Helgi"]
[Black "Mikhalevski, Victor"]
[Result "1-0"]
[WhiteElo "2508"]
[BlackElo "2538"]
[PlyCount "87"]
[EventDate "2018.01.18"]
[EventType "team-swiss (rapid)"]
[EventRounds "9"]
[EventCountry "USA"]
[SourceTitle "EXT 2019"]
[Source "ChessBase"]
[SourceDate "2018.10.10"]
[SourceVersion "1"]
[SourceVersionDate "2018.10.10"]
[SourceQuality "1"]
[WhiteTeam "Reykjavik Puffins"]
[BlackTeam "Seattle Sluggers"]
[WhiteTeamCountry "ISL"]
[BlackTeamCountry "USA"]

1. Nf3 Nf6 2. g3 d5 3. Bg2 c6 4. b3 Bg4 5. Bb2 Nbd7 6. d3 e6 7. Nbd2 a5 8. a3 Be7 9. h3 Bh5 10. O-O O-O 11. e4 b5 $146 ({RR} 11... dxe4 12. dxe4 Nc5 13. Qe2 Qc7 14. Qe3 Nfd7 15. Rfe1 e5 16. Nc4 Bxf3 17. Bxf3 b5 18. Nd2 Ne6 19. Bg2 Bc5 20. Qe2 Rad8 21. c3 Ba7 22. b4 Nb6 23. Nb3 Nc4 24. Nxa5 Rd2 {0-1 (24) Larsen,B (2535)-Adams,M (2590) Roquebrune 1992}) 12. g4 Bg6 13. Nd4 Qb6 14. exd5 Nxd5 15. Bxd5 cxd5 16. f4 Bc5 17. N2f3 f5 18. b4 axb4 19. axb4 Rxa1 20. Bxa1 Bxb4 21. Ng5 Bc5 22. Kg2 Bxd4 23. Bxd4 Qxd4 24. Nxe6 Qb6 25. Nxf8 Nxf8 26. Re1 d4 27. Qf3 Qc5 28. Kg3 Bf7 29. Re5 Qxc2 30. Rxb5 fxg4 31. hxg4 h6 32. Qe4 Qa4 33. Rb8 Qd7 34. Qe5 Be8 35. Rxe8 Qf7 36. Qe7 Qf6 37. Qxf6 gxf6 38. Rd8 Kf7 39. f5 Ke7 40. Rxd4 Nd7 41. Rxd7+ Kxd7 42. Kh4 Kd6 43. Kh5 Ke5 44. Kxh6 1-0

[Event "PRO League Stage"]
[Site "Chess.com INT"]
[Date "2018.02.24"]
[Round "7"]
[White "Naroditsky, Daniel"]
[Black "Pantsulaia, Levan"]
[Result "1-0"]
[WhiteElo "2619"]
[BlackElo "2605"]
[PlyCount "75"]
[EventDate "2018.01.18"]
[EventType "team-swiss (rapid)"]
[EventRounds "9"]
[EventCountry "USA"]
[SourceTitle "EXT 2019"]
[Source "ChessBase"]
[SourceDate "2018.10.10"]
[SourceVersion "1"]
[SourceVersionDate "2018.10.10"]
[SourceQuality "1"]
[WhiteTeam "San Jose Hackers"]
[BlackTeam "Stockholm Snowballs"]
[WhiteTeamCountry "USA"]
[BlackTeamCountry "SWE"]

1. Nf3 Nf6 2. g3 b6 3. Bg2 Bb7 4. O-O c5 5. d3 e6 6. e4 d6 7. Nc3 Nbd7 8. Re1 ({RR} 8. a4 a6 9. Nh4 Be7 10. e5 Bxg2 11. exf6 Bxf1 12. fxe7 Qxe7 13. Qxf1 O-O 14. Qe2 Nf6 15. Bg5 Rfe8 16. Ne4 d5 17. Nxf6+ gxf6 18. Bh6 Kh8 19. Re1 Rg8 20. Qf3 Qd8 21. b3 Ra7 22. Bc1 Rd7 {Ager,J (1974)-Bezler,R (2226) Austria AUT 2024 1-0 (58)}) 8... Be7 9. d4 cxd4 10. Nxd4 Qc7 $146 ({RR} 10... e5 11. Nf5 O-O 12. Nxd6 Bc6 13. Nf5 Bb4 14. Bd2 g6 15. Nd5 Bc5 16. Nfe3 b5 17. b4 Bxd5 18. exd5 Bd6 19. a4 a6 20. Qe2 Qe7 21. c4 bxc4 22. Nxc4 Bxb4 23. d6 Bxd6 24. Bxa8 Rxa8 25. Nxd6 {Eidelson,R (2268)-Seps,M (2116) Kishinev 2005 1-0 (63)}) 11. g4 O-O 12. g5 Ne8 13. h4 Ne5 14. h5 a6 15. f4 Nc6 16. Nf3 f6 17. f5 Ne5 18. Nd4 exf5 19. Ne6 Qc8 20. exf5 Bxg2 21. Kxg2 fxg5 22. Nxf8 Bxf8 23. Bxg5 Qxf5 24. Ne4 Rc8 25. b3 Kh8 26. Qe2 d5 27. Rf1 Nf3 28. Qxf3 Rxc2+ 29. Kh1 Qxf3+ 30. Rxf3 Ba3 31. Raf1 h6 32. Nc3 hxg5 33. Nxd5 Kh7 34. Rg3 Rxa2 35. Rxg5 Rd2 36. Ne3 Be7 37. Re5 Rd7 38. Nf5 1-0